Oklahoma City Thunder All-Time Starters - Statistics

General Stats
  • This quiz has been taken 41 times
  • The average score is 4 of 7
Answer Stats
Hint Answer % Correct
SF Kevin Durant
100%
PG Russell Westbrook
100%
SG Gary Payton
73%
PF Shawn Kemp
65%
C Jack Sikma
41%
6th man Ray Allen
32%
Coach Lenny Wilkens
22%
No matching quizzes found
Score Distribution
Percent of People with Each Score
Percentile by Number Answered
Your Score History
You have not taken this quiz